|
|
|
|
| LEADER |
01397nam a2200325 a 4500 |
| 001 |
15628726 |
| 008 |
110103s2008 it ae b 000 0 eng d |
| 999 |
|
|
|c 10320
|d 10320
|
| 010 |
|
|
|a 2009275518
|
| 020 |
|
|
|a 9788861305359
|
| 020 |
|
|
|a 8861305350
|
| 040 |
|
|
|a BTCTA
|c BTCTA
|d BAKER
|d YDXCP
|d BWX
|d OCLCQ
|d UKM
|d C3L
|d DLC
|d BD-DhAAL
|
| 042 |
|
|
|a lccopycat
|
| 082 |
0 |
4 |
|a 728.37
|2 22
|
| 100 |
1 |
|
|a Segantini, Maria Alessandra.
|9 32094
|
| 245 |
1 |
0 |
|a Contemporary housing /
|c Maria Alessandra Segantini ; [translations, Robert Burns].
|
| 250 |
|
|
|a 1st ed.
|
| 260 |
|
|
|a Milano :
|b Skira ;
|a New York :
|b Distributed in North America by Rizzoli International Publications,
|c 2008.
|
| 300 |
|
|
|a 334 p. :
|b ill. (chiefly col.), plans ;
|c 22 cm.
|
| 500 |
|
|
|a First published in Italy in 2008 by Skira Editore.
|
| 504 |
|
|
|a Includes bibliographical references.
|
| 526 |
|
|
|a ARC
|
| 541 |
|
1 |
|e 00021669
|
| 650 |
|
0 |
|a Architecture, Domestic
|v Designs and plans.
|9 32095
|
| 650 |
|
0 |
|a Housing
|x Design and construction.
|9 32096
|
| 650 |
|
0 |
|a Dwellings
|x Design and construction.
|9 32097
|
| 650 |
|
0 |
|a Architecture, Modern
|y 21st century.
|9 32098
|
| 852 |
|
|
|a Ayesha Abed library
|c General Shelf.
|
| 942 |
|
|
|2 ddc
|c BK
|
| 952 |
|
|
|0 0
|1 0
|2 ddc
|4 0
|6 728_370000000000000_SEG
|7 0
|9 13909
|a BRACUL
|b BRACUL
|c GEN
|d 2011-01-16
|e Zeenat Book Supply Ltd.
|g 2860.00
|l 18
|m 108
|o 728.37 SEG
|p 3010021669
|r 2025-08-26
|s 2025-07-22
|t 1
|w 2011-01-16
|y BK
|